Países de Europa menos adivinados en Jetpunk - Estadísticas

Estadísticas generales
  • Esta prueba ha sido intentada 42 veces
  • La puntuación promedio es 24 de 26
Estadísticas de respuestas
% de adivinación País % Correcto
64 Letonia
100%
67 Lituania
100%
57 Albania
97%
57 Andorra
97%
67 Croacia
97%
56 Eslovenia
97%
66 Estonia
97%
43 Kosovo
97%
42 San Marino
97%
55 Serbia
97%
56 Bulgaria
95%
59 Hungría
95%
56 Luxemburgo
95%
54 Ciudad del Vaticano
92%
58 Eslovaquia
92%
70 Austria
89%
53 Bosnia y Herzegovina
89%
51 Macedonia del Norte
89%
46 Monáco
89%
66 Bielorrusia
87%
47 Malta
87%
64 República Checa
87%
32 Liechtenstein
84%
65 Rumanía
84%
52 Montenegro
82%
46 Moldavia
79%
No se encontraron pruebas coincidentes
Distribución de puntuación
Porcentaje de gente con cada puntuación
Porcentaje por número respondido
Historial de tus puntuaciones
No has intentado esta prueba.